000 00532nam a2200181Ia 4500
001 21356
005 20260306172913.0
008 260306t2016||||xx |||||||||||||| ||spa||
041 _aESP
082 _a344.528
_bR78
100 _aRojas Vargas, Fidel
_eAUT
245 0 _aAspectos problemáticos en los delitos contra la administración pública:
_bestudios críticos, informes y comentario jurisprudencial
260 _c2016
300 _a623 páginas :
_c25 cm.
650 _aGEN
654 _aCDE
942 _cLIB
_dJUS
_fJUS
_2ddc
_n
999 _c21356
_d21356